The general revenue stamps of Czechoslovakia (Record no. 1921)

000 -LEADER
fixed length control field 00381nam a22001097a 4500
008 - FIXED-LENGTH DATA ELEMENTS--GENERAL INFORMATION
fixed length control field 160418b xxu||||| |||| 00| 0 eng d
100 ## - MAIN ENTRY--AUTHOR'S NAME
Author's Name Burianek, Josef
245 ## - TITLE STATEMENT
Title The general revenue stamps of Czechoslovakia
260 ## - PUBLICATION, DISTRIBUTION, ETC. (IMPRINT)
Place of publication, distribution, etc. Pittsburgh
Name of publisher, distributor, etc. William Ittel
Date of publication, distribution, etc. 1971
650 ## - TOPICAL TERM (Tag)
Topical term or geographic name Czechoslovakia (1918-1992) | Revenues | Catalogs and Price Lists | Cinderella Material
700 ## - SECONDARY AUTHOR, EDITOR OR ILLUSTRATOR
Personal Name Ittel, William
Holdings
Withdrawn status Lost status Source of classification or shelving scheme Damaged status Koha normalized classification for sorting Not for loan Permanent Location Current Location Date acquired Total Checkouts Full call number Barcode Date last seen Price effective from
        G6511 R451 B958   Northern Philatelic Library Northern Philatelic Library 04/18/2016   G6511 R451 B958 1002227 04/18/2016 04/18/2016

Powered by Koha